<?xml version="1.0" encoding="UTF-8"?>
<record
    xmlns:xsi="http://www.w3.org/2001/XMLSchema-instance"
    xsi:schemaLocation="http://www.loc.gov/MARC21/slim http://www.loc.gov/standards/marcxml/schema/MARC21slim.xsd"
    xmlns="http://www.loc.gov/MARC21/slim">

  <leader>01172ctm a22002417a 4500</leader>
  <datafield tag="999" ind1=" " ind2=" ">
    <subfield code="c">7303</subfield>
    <subfield code="d">7303</subfield>
  </datafield>
  <controlfield tag="003">OSt</controlfield>
  <controlfield tag="005">20241104130548.0</controlfield>
  <controlfield tag="008">160225q19242007spc||||  |||| 0|0 0dcat|d</controlfield>
  <datafield tag="040" ind1=" " ind2=" ">
    <subfield code="b">cat</subfield>
    <subfield code="c">CDMR</subfield>
  </datafield>
  <datafield tag="100" ind1=" " ind2="4">
    <subfield code="a">Perramon i Palmada, Joaquim</subfield>
    <subfield code="e">creador</subfield>
    <subfield code="9">4643</subfield>
  </datafield>
  <datafield tag="245" ind1="1" ind2="0">
    <subfield code="a">Fons Joaquim Perramon i Palmada</subfield>
  </datafield>
  <datafield tag="260" ind1=" " ind2=" ">
    <subfield code="c">1924-2007</subfield>
  </datafield>
  <datafield tag="300" ind1=" " ind2=" ">
    <subfield code="a">1,3 m de documentaci&#xF3; textual, paper. 1 unitat d'instal&#xB7;laci&#xF3; que cont&#xE9; 693 imatges, 16 diplomes, 3 plaques commemoratives, 21 dibuixos i 20 microcassets i 2 carteres de pell</subfield>
  </datafield>
  <datafield tag="506" ind1=" " ind2=" ">
    <subfield code="c">Acc&#xE9;s lliure, amb excepci&#xF3; de la documentaci&#xF3; que cont&#xE9; dades protegides per la legislaci&#xF3; vigent</subfield>
  </datafield>
  <datafield tag="524" ind1=" " ind2=" ">
    <subfield code="a">Sant Cugat del Vall&#xE9;s, Arxiu Nacional de Catalunya, Fons Joaquim Perramon i Palmada</subfield>
  </datafield>
  <datafield tag="600" ind1=" " ind2="0">
    <subfield code="a">Perramon i Palmada, Joaquim</subfield>
    <subfield code="x">Arxius</subfield>
    <subfield code="9">4643</subfield>
  </datafield>
  <datafield tag="600" ind1=" " ind2="0">
    <subfield code="a">Perramon i Palmada, Joaquim</subfield>
    <subfield code="x">Biografia</subfield>
    <subfield code="9">4643</subfield>
  </datafield>
  <datafield tag="650" ind1=" " ind2="7">
    <subfield code="a">Periodistes</subfield>
    <subfield code="z">Catalunya</subfield>
    <subfield code="x">Arxius</subfield>
    <subfield code="2">lemac </subfield>
    <subfield code="9">2400</subfield>
  </datafield>
  <datafield tag="655" ind1=" " ind2="7">
    <subfield code="a">Manuscrits</subfield>
    <subfield code="2">lemac</subfield>
  </datafield>
  <datafield tag="856" ind1=" " ind2=" ">
    <subfield code="u">https://arxiusenlinia.cultura.gencat.cat/#/cercaavancada/detallfons/ANC1-1167</subfield>
    <subfield code="z">Descripci&#xF3; del fons a l'Arxiu Nacional de Catalunya (ANC1-1167)</subfield>
  </datafield>
  <datafield tag="942" ind1=" " ind2=" ">
    <subfield code="c">REF</subfield>
    <subfield code="2">udc</subfield>
  </datafield>
</record>
